| 000 | 02788nam a2200421 c 4500 | ||
|---|---|---|---|
| 003 | BLK | ||
| 005 | 20230805133733.0 | ||
| 008 | 180408b bul|||||r ||||||| ||bul|| | ||
| 010 | _aKNG00087746000 | ||
| 020 |
_a978-954-90339-1-5 _bиздат.: Оргон |
||
| 040 | _aBLK | ||
| 041 |
_aBUL _cBUL |
||
| 080 |
_aОрганизации, асоциации, движения със специални цели и/или области на дейност. Професионални асоциации(Ку-клукс-клан, масони, окултни движения, орден на тамплиерите). _b061.23 _x"19"(02.062) _z061.23"19"(02.062) |
||
| 080 |
_aМеждународни политически отношения. Световна политика. Международна политика. Дипломация _b327 _x(100)(02.062) _z327(100)(02.062) |
||
| 080 |
_aОбща световна история. История на света _b930.9 _x(02.062) _z930.9(02.062) |
||
| 100 | 1 |
_aХелсинг, Ян ван _eпърви автор _9136727 |
|
| 700 | 1 |
_aКоев, Светослав _eпрев. _9370485 |
|
| 700 | 1 |
_aХолей, Ян Удо _e* _9297470 |
|
| 139 |
_aХелсинг, Ян ван _bХ 40 |
||
| 245 | 1 | 0 |
_aВластта на тайните общества през ХХ век или Защо човек не управлява света [Тайните общества. Т. 1] _bПътеводител на намесата на ложите в едрите финанси и властта. Тристранна комисия, Билдербергери, Съвет за външна политика, ООН _cЯн ван Хелсинг; прев. Светослав Коев; * Ян Удо Холей. |
| 257 | _aDEU | ||
| 260 |
_аСофия _bОргон _c2009 _fСофия : Монт |
||
| 300 |
_a336 с. _bс ил. _c22 см |
||
| 380 | _a0 | ||
| 500 | _aОриг. загл. Geheimgesellschaften und ihre Macht im 20. Jahrhundert / Jan van Helsing. - Библиогр. с. 331-335. - Истинското име на авт. е Ян Удо Холей. - Офс. изд. - В кн. означено т. 1. | ||
| 650 | 4 |
_aТайни общества - история _9300868 |
|
| 650 | 4 |
_aИстория - роля на тайните общеста _9300869 |
|
| 650 | 4 |
_aПолитика - роля на тайните общества _9300870 |
|
| 653 | _aтайни общества | ||
| 653 | _aсветовна конспирация | ||
| 653 | _aполитика | ||
| 852 | _aЦб 242778 | ||
| 856 | 4 |
_qpdf _u |
|
| 856 | 4 |
_qpdf _u |
|
| 942 |
_cKNG _n0 _07 |
||
| 944 |
_aCR _c11.02.2009 _lИваничка Йорданова _k30553 |
||
| 944 |
_aED _c17.09.2015 _lф / _kЛюдмила_Стоянова |
||
| 999 |
_c83201 _d83201 |
||